| 000 | 02079nam0a2200349 4500 | ||
|---|---|---|---|
| 001 | RU\NLR\BIBL_A\022711876 | ||
| 005 | 20260409163128.0 | ||
| 010 |
_a978-5-00207-951-3 _9500 |
||
| 021 |
_aRU _bКН-П-25-075555 _9КН-П-25-7325 |
||
| 035 | _a(NLR Aleph) 022711876 | ||
| 090 |
_a13653507 _c13653507 |
||
| 100 | _a20260129d2025 k y0rusy50 ca | ||
| 101 | 0 | _arus | |
| 102 | _aRU | ||
| 105 | _aa|||z|||000yy | ||
| 181 | 0 |
_ai3 _baxxe |
|
| 182 | 0 | _an | |
| 200 | 1 |
_aОценка потенциала коммерциализации и приоритизация научно-технических инновационных разработок университета _eмонография _fК. Б. Герасимов, Н. Н. Евдокимов, Н. Ю. Зубарев _gМинистерство науки и высшего образования РФ, Самарский национальный исследовательский университет имени академика С. П. Королева, Самарский государственный экономический университет |
|
| 203 |
_aТекст _bвизуальный _cнепосредственный |
||
| 210 |
_aСамара _aСаратов _cАмирит _d2025 |
||
| 215 |
_a191 с. _cил., табл. _d21 |
||
| 320 | _aБиблиогр.: с. 161-177 (193 назв.) | ||
| 606 | 1 |
_aВысшие учебные заведения _xИнновационная деятельность _2nlr_sh2 _3RU\NLR\AUTH\661469403 |
|
| 686 | 1 | _aЧ481.268 | |
| 686 | 1 | _aУ5-55 | |
| 700 | 1 |
_aГерасимов _bК. Б. _cд-р. экон. наук _gКирилл Борисович _3RU\NLR\AUTH\77115981 |
|
| 701 | 1 |
_aЕвдокимов _bН. Н. _cканд. экон. наук, стратегическое управление _gНиколай Николаевич _3RU\NLR\AUTH\770142633 |
|
| 701 | 1 |
_aЗубарев _bН. Ю. _gНикита Юрьевич |
|
| 942 | _cBOOK | ||
| 980 | _aNB | ||